=LDR 00000nam 2200000 4500 =001 INLIS000000000005157 =005 20130612093420 =008 ***********************************Ind** =035 ##$$0010-061300000005157 =041 ##$$a Ind =082 ##$$a 658.4 =090 ##$$a 658.4, Par p =245 ##$$a Partisipasi dan dinamika kelompok =260 ##$$a 1992 $b Semarang =300 ##$$a 91 hlm., illus., 21 cm =650 ##$$a Manajemen ekskutif =850 ##$$a NBPNMAT